| 000 | 00425nam a22001697a 4500 | ||
|---|---|---|---|
| 003 | OSt | ||
| 005 | 20211015180652.0 | ||
| 008 | 211015b |||||||| |||| 00| 0 eng d | ||
| 020 | _a9788126530083 | ||
| 040 | _cHU | ||
| 082 | _a550./18 | ||
| 100 |
_aC. DAVIS JOHN _914047 |
||
| 245 |
_aSTATISTICS AND DATA ANALYSIS _cJOHN C. DAVIS |
||
| 260 |
_aINDIA _bWILEY _c2002 |
||
| 300 |
_aXVI 638 P _bPC _c26 |
||
| 942 |
_2ddc _cBOOKS _n0 |
||
| 999 |
_c13118 _d13118 |
||